Pred bránami Grécka čakajú veritelia a utečenci

Víťazstvo Alexisa Tsiprasa v predčasných parlamentných voľbách. Koaličný partner - Nezávislí Gréci (ANEL), pravicoví, národne orientovaní konzervatívci. Záväzky štátu voči Európskej únii. Nápor migrantov v Európe. Grécko len papierovým tigrom. Nečakať a konať.

Salvato in:
Dettagli Bibliografici
Autore principale: Pressburg, Adrian Peter
Natura: Capitolo di libro
Lingua:slovacco
Soggetti:
Tags: Aggiungi Tag
Nessun Tag, puoi essere il primo ad aggiungerne!!

MARC

LEADER 00000naa a2200000 4500
001 0207876
005 20231113104029.6
041 0 |a slo 
044 |a SK 
245 1 0 |a Pred bránami Grécka čakajú veritelia a utečenci  |c Adrian Peter Pressburg 
520 |a Víťazstvo Alexisa Tsiprasa v predčasných parlamentných voľbách. Koaličný partner - Nezávislí Gréci (ANEL), pravicoví, národne orientovaní konzervatívci. Záväzky štátu voči Európskej únii. Nápor migrantov v Európe. Grécko len papierovým tigrom. Nečakať a konať. 
610 2 0 |a politika 
610 2 0 |a voľby 
610 2 0 |a strany politické 
610 2 0 |a koalícia 
610 2 0 |a utečenci 
610 2 0 |a migrácia 
610 2 0 |a Grécko 
610 2 0 |a Európska únia 
100 1 |a Pressburg, Adrian Peter